<?xml version="1.0" encoding="UTF-8"?>
<record
    xmlns:xsi="http://www.w3.org/2001/XMLSchema-instance"
    xsi:schemaLocation="http://www.loc.gov/MARC21/slim http://www.loc.gov/standards/marcxml/schema/MARC21slim.xsd"
    xmlns="http://www.loc.gov/MARC21/slim">

  <leader>00737nam a2200217Ia 4500</leader>
  <controlfield tag="005">20220516145201.0</controlfield>
  <controlfield tag="008">210716s2011    xx            000 0 und d</controlfield>
  <datafield tag="020" ind1=" " ind2=" ">
    <subfield code="a">9780749462505</subfield>
  </datafield>
  <datafield tag="040" ind1=" " ind2=" ">
    <subfield code="c">AIMIT LIBRARY</subfield>
  </datafield>
  <datafield tag="041" ind1=" " ind2=" ">
    <subfield code="a">eng</subfield>
  </datafield>
  <datafield tag="082" ind1=" " ind2=" ">
    <subfield code="a">658.827 </subfield>
    <subfield code="2">1</subfield>
    <subfield code="b">BERJ</subfield>
  </datafield>
  <datafield tag="100" ind1=" " ind2=" ">
    <subfield code="a">Bergh, Joeri Van Den.</subfield>
    <subfield code="9">37391</subfield>
  </datafield>
  <datafield tag="245" ind1=" " ind2=" ">
    <subfield code="a">How cool brands stay hot :</subfield>
    <subfield code="b">branding to generation Y /</subfield>
    <subfield code="c">By Joeri Van Den Bergh and Mattias Behrer.</subfield>
  </datafield>
  <datafield tag="250" ind1=" " ind2=" ">
    <subfield code="a">1st ed.</subfield>
  </datafield>
  <datafield tag="260" ind1=" " ind2=" ">
    <subfield code="a">New Delhi :</subfield>
    <subfield code="b">Kogan Page ,</subfield>
    <subfield code="c">2011 .</subfield>
  </datafield>
  <datafield tag="300" ind1=" " ind2=" ">
    <subfield code="a">xvii, 249p. ;</subfield>
    <subfield code="c">24.5 cm.</subfield>
  </datafield>
  <datafield tag="650" ind1=" " ind2=" ">
    <subfield code="a">Developing a brand model for the new consumer</subfield>
    <subfield code="9">37392</subfield>
  </datafield>
  <datafield tag="650" ind1=" " ind2=" ">
    <subfield code="a">Self identification with the brand</subfield>
    <subfield code="9">37393</subfield>
  </datafield>
  <datafield tag="700" ind1=" " ind2=" ">
    <subfield code="a">Behrer, Mattias.</subfield>
    <subfield code="9">37394</subfield>
  </datafield>
  <datafield tag="942" ind1=" " ind2=" ">
    <subfield code="2">ddc</subfield>
    <subfield code="c">BK</subfield>
    <subfield code="e">1st</subfield>
    <subfield code="k">658.827 BERJ</subfield>
  </datafield>
  <datafield tag="999" ind1=" " ind2=" ">
    <subfield code="c">206628</subfield>
    <subfield code="d">206628</subfield>
  </datafield>
  <datafield tag="952" ind1=" " ind2=" ">
    <subfield code="0">0</subfield>
    <subfield code="1">0</subfield>
    <subfield code="2">ddc</subfield>
    <subfield code="4">0</subfield>
    <subfield code="7">0</subfield>
    <subfield code="8">MBA</subfield>
    <subfield code="a">AIMIT</subfield>
    <subfield code="b">AIMIT</subfield>
    <subfield code="d">2011-03-24</subfield>
    <subfield code="g">895.00</subfield>
    <subfield code="i">Bill no:4058; Bill dt:2011-03-24</subfield>
    <subfield code="l">0</subfield>
    <subfield code="o">658.827 BERJ</subfield>
    <subfield code="p">MBA09194</subfield>
    <subfield code="r">2026-05-23 00:00:00</subfield>
    <subfield code="v">716.00</subfield>
    <subfield code="w">2021-07-16</subfield>
    <subfield code="y">BK</subfield>
  </datafield>
  <datafield tag="952" ind1=" " ind2=" ">
    <subfield code="0">0</subfield>
    <subfield code="1">0</subfield>
    <subfield code="2">ddc</subfield>
    <subfield code="4">0</subfield>
    <subfield code="7">0</subfield>
    <subfield code="8">MBA</subfield>
    <subfield code="a">AIMIT</subfield>
    <subfield code="b">AIMIT</subfield>
    <subfield code="d">2011-03-24</subfield>
    <subfield code="g">895.00</subfield>
    <subfield code="i">Bill no:4058; Bill dt:2011-03-24</subfield>
    <subfield code="l">0</subfield>
    <subfield code="o">658.827 BERJ</subfield>
    <subfield code="p">MBA09195</subfield>
    <subfield code="r">2026-05-23 00:00:00</subfield>
    <subfield code="v">716.00</subfield>
    <subfield code="w">2021-07-16</subfield>
    <subfield code="y">BK</subfield>
  </datafield>
  <datafield tag="952" ind1=" " ind2=" ">
    <subfield code="0">0</subfield>
    <subfield code="1">0</subfield>
    <subfield code="2">ddc</subfield>
    <subfield code="4">0</subfield>
    <subfield code="7">0</subfield>
    <subfield code="8">MBA</subfield>
    <subfield code="a">AIMIT</subfield>
    <subfield code="b">AIMIT</subfield>
    <subfield code="d">2011-03-24</subfield>
    <subfield code="g">895.00</subfield>
    <subfield code="i">Bill no:4058; Bill dt:2011-03-24</subfield>
    <subfield code="l">0</subfield>
    <subfield code="o">658.827 BERJ</subfield>
    <subfield code="p">MBA09196</subfield>
    <subfield code="r">2026-05-23 00:00:00</subfield>
    <subfield code="v">716.00</subfield>
    <subfield code="w">2021-07-16</subfield>
    <subfield code="y">BK</subfield>
  </datafield>
  <datafield tag="952" ind1=" " ind2=" ">
    <subfield code="0">0</subfield>
    <subfield code="1">0</subfield>
    <subfield code="2">ddc</subfield>
    <subfield code="4">0</subfield>
    <subfield code="7">0</subfield>
    <subfield code="8">MBA</subfield>
    <subfield code="a">AIMIT</subfield>
    <subfield code="b">AIMIT</subfield>
    <subfield code="d">2011-03-24</subfield>
    <subfield code="g">895.00</subfield>
    <subfield code="i">Bill no:4058; Bill dt:2011-03-24</subfield>
    <subfield code="l">0</subfield>
    <subfield code="o">658.827 BERJ</subfield>
    <subfield code="p">MBA09197</subfield>
    <subfield code="r">2026-05-23 00:00:00</subfield>
    <subfield code="v">716.00</subfield>
    <subfield code="w">2021-07-16</subfield>
    <subfield code="y">BK</subfield>
  </datafield>
  <datafield tag="952" ind1=" " ind2=" ">
    <subfield code="0">0</subfield>
    <subfield code="1">0</subfield>
    <subfield code="2">ddc</subfield>
    <subfield code="4">0</subfield>
    <subfield code="7">0</subfield>
    <subfield code="8">MBA</subfield>
    <subfield code="a">AIMIT</subfield>
    <subfield code="b">AIMIT</subfield>
    <subfield code="d">2011-03-24</subfield>
    <subfield code="g">895.00</subfield>
    <subfield code="i">Bill no:4058; Bill dt:2011-03-24</subfield>
    <subfield code="l">0</subfield>
    <subfield code="o">658.827 BERJ</subfield>
    <subfield code="p">MBA09198</subfield>
    <subfield code="r">2026-05-23 00:00:00</subfield>
    <subfield code="v">716.00</subfield>
    <subfield code="w">2021-07-16</subfield>
    <subfield code="y">BK</subfield>
  </datafield>
  <datafield tag="952" ind1=" " ind2=" ">
    <subfield code="0">0</subfield>
    <subfield code="1">0</subfield>
    <subfield code="2">ddc</subfield>
    <subfield code="4">0</subfield>
    <subfield code="7">0</subfield>
    <subfield code="8">MBA</subfield>
    <subfield code="a">AIMIT</subfield>
    <subfield code="b">AIMIT</subfield>
    <subfield code="d">2011-03-24</subfield>
    <subfield code="g">895.00</subfield>
    <subfield code="i">Bill no:4058; Bill dt:2011-03-24</subfield>
    <subfield code="l">1</subfield>
    <subfield code="o">658.827 BERJ</subfield>
    <subfield code="p">MBA09199</subfield>
    <subfield code="r">2026-05-23 00:00:00</subfield>
    <subfield code="s">2024-07-08</subfield>
    <subfield code="v">716.00</subfield>
    <subfield code="w">2021-07-16</subfield>
    <subfield code="y">BK</subfield>
  </datafield>
  <datafield tag="952" ind1=" " ind2=" ">
    <subfield code="0">0</subfield>
    <subfield code="1">0</subfield>
    <subfield code="2">ddc</subfield>
    <subfield code="4">0</subfield>
    <subfield code="7">0</subfield>
    <subfield code="8">MBA</subfield>
    <subfield code="a">AIMIT</subfield>
    <subfield code="b">AIMIT</subfield>
    <subfield code="d">2011-03-24</subfield>
    <subfield code="g">895.00</subfield>
    <subfield code="i">Bill no:4058; Bill dt:2011-03-24</subfield>
    <subfield code="l">0</subfield>
    <subfield code="o">658.827 BERJ</subfield>
    <subfield code="p">MBA09200</subfield>
    <subfield code="r">2026-05-23 00:00:00</subfield>
    <subfield code="v">716.00</subfield>
    <subfield code="w">2021-07-16</subfield>
    <subfield code="y">BK</subfield>
  </datafield>
  <datafield tag="952" ind1=" " ind2=" ">
    <subfield code="0">0</subfield>
    <subfield code="1">0</subfield>
    <subfield code="2">ddc</subfield>
    <subfield code="4">0</subfield>
    <subfield code="7">0</subfield>
    <subfield code="8">MBA</subfield>
    <subfield code="a">AIMIT</subfield>
    <subfield code="b">AIMIT</subfield>
    <subfield code="d">2011-03-24</subfield>
    <subfield code="g">895.00</subfield>
    <subfield code="i">Bill no:4058; Bill dt:2011-03-24</subfield>
    <subfield code="l">0</subfield>
    <subfield code="o">658.827 BERJ</subfield>
    <subfield code="p">MBA09201</subfield>
    <subfield code="r">2026-05-23 00:00:00</subfield>
    <subfield code="v">716.00</subfield>
    <subfield code="w">2021-07-16</subfield>
    <subfield code="y">BK</subfield>
  </datafield>
  <datafield tag="952" ind1=" " ind2=" ">
    <subfield code="0">0</subfield>
    <subfield code="1">0</subfield>
    <subfield code="2">ddc</subfield>
    <subfield code="4">0</subfield>
    <subfield code="7">3</subfield>
    <subfield code="8">MBA</subfield>
    <subfield code="a">AIMIT</subfield>
    <subfield code="b">AIMIT</subfield>
    <subfield code="d">2011-03-24</subfield>
    <subfield code="g">895.00</subfield>
    <subfield code="i">Bill no:4058; Bill dt:2011-03-24</subfield>
    <subfield code="l">0</subfield>
    <subfield code="o">658.827 BERJ</subfield>
    <subfield code="p">MBA09202</subfield>
    <subfield code="r">2025-07-21 00:00:00</subfield>
    <subfield code="v">716.00</subfield>
    <subfield code="w">2021-07-16</subfield>
    <subfield code="y">BK</subfield>
  </datafield>
  <datafield tag="952" ind1=" " ind2=" ">
    <subfield code="0">0</subfield>
    <subfield code="1">0</subfield>
    <subfield code="2">ddc</subfield>
    <subfield code="4">0</subfield>
    <subfield code="7">0</subfield>
    <subfield code="8">MBA</subfield>
    <subfield code="a">AIMIT</subfield>
    <subfield code="b">AIMIT</subfield>
    <subfield code="d">2011-03-30</subfield>
    <subfield code="g">895.00</subfield>
    <subfield code="i">Bill no:4011; Bill dt:2011-03-18</subfield>
    <subfield code="l">0</subfield>
    <subfield code="o">658.827 BERJ</subfield>
    <subfield code="p">MBA09213</subfield>
    <subfield code="r">2026-05-23 00:00:00</subfield>
    <subfield code="v">716.00</subfield>
    <subfield code="w">2021-07-16</subfield>
    <subfield code="y">BK</subfield>
  </datafield>
</record>
